Statistics for Top 100 Girls' Names in Ireland (2014)

Click here to take the quiz!

General Stats

  • This quiz has been taken 1,320 times
  • The average score is 34 of 95

Answer Stats

HintAnswer% Correct
3Emma
78%
73Mary
76%
94Sara
75%
16Anna
72%
1Emily
70%
67Elizabeth
64%
20Olivia
64%
83Hanna
62%
2Sophie
60%
5Ava
59%
4Grace
58%
82Isabel
58%
6Ella
57%
14Chloe
55%
18Kate
55%
45Laura
55%
49Rachel
55%
43Eva
54%
32Jessica
54%
30Amy
53%
17Katie
53%
12Sarah
53%
80Rose
52%
57Charlotte
51%
11Lily
51%
9Lucy
51%
64Maria
51%
34Niamh
51%
69Rebecca
51%
15Sophia
50%
7Amelia
49%
41Isabella
49%
24Lauren
48%
8Mia
48%
10Aoife
45%
19Ellie
44%
54Alice
43%
29Molly
43%
85Victoria
43%
33Zoe
42%
38Erin
41%
40Julia
41%
65Megan
40%
50Abigail
39%
27Leah
37%
70Annie
36%
28Ciara
36%
21Holly
36%
13Hannah
35%
23Saoirse
35%
66Clara
34%
79Isla
34%
63Nicole
34%
25Caoimhe
31%
52Ellen
31%
22Ruby
31%
78Alexandra
30%
62Evie
30%
95Poppy
29%
51Aisling
28%
81Madison
28%
58Zara
28%
87Georgia
27%
37Roisin
27%
35Cara
26%
36Freya
26%
59Maya
26%
91Ruth
26%
48Amber
23%
60Aine
22%
88Tara
22%
26Isabelle
21%
93Lara
20%
46Layla
18%
42Sofia
17%
74Lena
15%
39Sadie
15%
76Sienna
15%
53Emilia
14%
44Abbie
13%
71Lilly
13%
92Natalia
13%
61Alannah
11%
47Faye
11%
77Lexi
11%
72Aoibheann
10%
84Meabh
10%
31Robyn
9%
75Fiadh
8%
55Eabha
7%
56Aoibhinn
6%
90Ailbhe
4%
89Hollie
4%
68Maja
3%
86Caitlan
1%

Score Distribution

Percentile by Number Answered

Percent of People with Each Score

Your Score History

You have not taken this quiz